000 00372nam a2200145Ia 4500
008 150201s2008 xx 000 0 und d
082 _a618
_bP08Y
100 _aYELIKAR, KANAN
245 _aPRACTICAL CASES IN OBSTETRICS AND GYNAECOLOGY
250 _a1ST
260 _bJAYPEE BROTHERS
_aDELHI
_c2008
300 _a1-342
650 _aOBST & GYNAECOLOGY
942 _2ddc
_cBK
_02
999 _c186
_d186